Предотвращение внезапного коррозийного растрескивания стальных резервуаров типа РВС; Нефтяное хозяйство; № 11

Podrobná bibliografie
Parent link:Нефтяное хозяйство: научно-технический производственный журнал.— , 1925-1940, 1946-.— 0028-2448
№ 11.— 2003.— С. 94-96
Hlavní autor: Гоник А. А.
Jazyk:ruština
Vydáno: 2003
Edice:Транспорт и подготовка нефти
Témata:
Médium: Kapitola
KOHA link:https://koha.lib.tpu.ru/cgi-bin/koha/opac-detail.pl?biblionumber=389410

MARC

LEADER 00000naa2a2200000 4500
001 389410
005 20231101063847.0
035 |a (RuTPU)RU\TPU\prd\21590 
090 |a 389410 
100 |a 20040122a2003 k y0rusy50 ca 
101 0 |a rus 
102 |a RU 
200 1 |a Предотвращение внезапного коррозийного растрескивания стальных резервуаров типа РВС  |f А. А. Гоник 
225 1 |a Транспорт и подготовка нефти 
461 1 |0 (RuTPU)RU\TPU\prd\1638  |x 0028-2448  |t Нефтяное хозяйство  |o научно-технический производственный журнал  |d 1925-1940, 1946- 
463 1 |0 (RuTPU)RU\TPU\prd\20865  |t № 11  |v С. 94-96  |d 2003 
610 1 |a коррозийное растрескивание 
610 1 |a сталь 09Г2С 
610 1 |a стальные конструкции 
610 1 |a предотвращение 
675 |a 622.692.23-034.14  |v 3 
700 1 |a Гоник  |b А. А. 
801 1 |a RU  |b 63413507  |c 20040122  |g PSBO 
801 2 |a RU  |b 63413507  |c 20131028  |g RCR 
942 |c BK